000 00835nab a2200241 u 4500
001 10358
003 HDC
007 cr bn ---aaaaa
008 210104c mydr|noo 0 a may d
040 _aHDC
100 _aFitria Rahmadianti
_eauthor
_910486
245 0 _aBerpotensi Besar Tarik Turis Muslim, Spanyol Kekurangan Restoran Halal /
_cby Fitria Rahmadianti
260 _a[No place] :
_bDetik.com,
_c[No year]
336 _atext
_2rdacontent
337 _acomputer
_2rdamedia
338 _aonline resource
_2rdacarrier
650 _aHalal industry
_9144
650 _ahalal tourism
_9529
856 _zRequest full-text at [email protected]
942 _2lcc
942 _cNEWS
942 _kNWSO 000473
999 _c7681
_d7681